书目信息 |
| 题名: |
住友财团概貌
|
|
| 作者: | 近藤弘 著 ;孙日明 , 李文光 译 | |
| 分册: | ||
| 出版信息: | 上海 上海译文出版社 1981 |
|
| 页数: | 236页 | |
| 开本: | 19cm | |
| 丛书名: | ||
| 单 册: | ||
| 中图分类: | F279.313.48 , F11 | |
| 科图分类: | ||
| 主题词: | 经济--世界 , 国际经济关系 | |
| 电子资源: | ||
| ISBN: | ||
| 000 | 00749nam0 2200277 450 | |
| 001 | 1556853219 | |
| 005 | 20150126154751.53 | |
| 010 | @dCNY0.60 | |
| 091 | @a4188.18 | |
| 100 | @a19950407d1981 em y0chiy0110 ea | |
| 101 | 1 | @achi@cjpn |
| 102 | @aCN@b310000 | |
| 105 | @ay z 000yy | |
| 200 | 1 | @a住友财团概貌@9zhu you cai tuan gai mao@f(日)近藤弘著@g孙日明,李文光译 |
| 210 | @a上海@c上海译文出版社@d1981 | |
| 215 | @a236页@d19cm | |
| 601 | 0 | @a住友财团@x概况 |
| 606 | 0 | @a经济@x世界 |
| 606 | 0 | @a国际经济关系 |
| 690 | @aF279.313.48@v5 | |
| 690 | @aF11@v4 | |
| 701 | 0 | @a近藤弘@9jin teng hong@4著 |
| 702 | 0 | @a孙日明@9sun ri ming@4译 |
| 702 | 0 | @a李文光@9li wen guang@4译 |
| 801 | 0 | @aCN@bTSSF@c20150126 |
| 905 | @aZUCC@dF11@eJY9 | |
| 住友财团概貌/(日)近藤弘著/孙日明,李文光译.-上海:上海译文出版社,1981 |
| 236页;19cm |
| ISBN :CNY0.60 |
| ● |
| 相关链接 |
|
|
|
|
正题名:住友财团概貌
索取号:F11/JY9
 
预约/预借
| 序号 | 登录号 | 条形码 | 馆藏地/架位号 | 状态 | 备注 |
| 1 | 7838041 | 278380413 | 学院路分馆/ [索取号:F11/JY9] | 在馆 |